[Event "16PCR_ZK06"]
[Site "?"]
[Date "2005.??.??"]
[Round "?"]
[White "Vins, Karel"]
[Black "Dudek, Karel"]
[Result "0-1"]
[WhiteElo "1621"]
[BlackElo "1987"]
[PlyCount "54"]
[EventDate "2005.??.??"]
[EventType "corr"]
[EventRounds "2"]
[SourceDate "2005.02.23"]

1. e4 c5 2. Nf3 a6 3. d4 cxd4 4. Nxd4 Nf6 5. Nc3 e5 6. Nf3 Bb4 7. Bd2 d6 8. Bd3
Bg4 9. h3 Be6 10. a3 Bc5 11. Qe2 O-O 12. b4 Ba7 13. Be3 Bxe3 14. Qxe3 Nbd7 15.
Ne2 Qb6 16. Qxb6 Nxb6 17. O-O Rac8 18. Rac1 h6 19. Nd2 Rc7 20. f3 Rfc8 21. c3
Na4 22. Nb1 Ba2 23. c4 Nb2 24. Rc3 Nxd3 25. Rxd3 Bxc4 26. Rc3 Bxe2 27. Rxc7
Rxc7 0-1

[Event "16PCR_ZK06"]
[Site "?"]
[Date "2005.??.??"]
[Round "?"]
[White "Vins, Karel"]
[Black "Kudr, Roman"]
[Result "0-1"]
[WhiteElo "1621"]
[BlackElo "1987"]
[PlyCount "60"]
[EventDate "2005.??.??"]
[EventType "corr"]
[EventRounds "2"]
[SourceDate "2005.02.23"]

1. e4 c6 2. d4 d5 3. Nc3 dxe4 4. Nxe4 Nd7 5. Nf3 Ngf6 6. Nxf6+ Nxf6 7. c3 Bg4
8. Be2 e6 9. Ne5 Bxe2 10. Qxe2 Bd6 11. f4 O-O 12. h3 c5 13. O-O cxd4 14. cxd4
Rc8 15. Be3 Nd5 16. Qf3 Qa5 17. Rfd1 Rc2 18. Nd3 Nxe3 19. Qxe3 Qd5 20. Rd2 Rxd2
21. Qxd2 Qxd4+ 22. Kh1 Bxf4 23. Qxf4 Qxd3 24. b3 Rc8 25. Kh2 Qd8 26. Qf3 Qc7+
27. Kh1 b5 28. Rd1 b4 29. Qf2 a5 30. Rd2 Rd8 0-1

[Event "16PCR_ZK06"]
[Site "?"]
[Date "2005.??.??"]
[Round "?"]
[White "Vins, Karel"]
[Black "Trs, Jan"]
[Result "0-1"]
[WhiteElo "1621"]
[BlackElo "2220"]
[PlyCount "52"]
[EventDate "2005.??.??"]
[EventType "corr"]
[EventRounds "2"]
[SourceDate "2005.02.23"]

1. e4 c6 2. d4 d5 3. e5 Bf5 4. Ne2 e6 5. Be3 Qb6 6. Qc1 c5 7. c3 Nc6 8. f4 Nh6
9. h3 Bd3 10. dxc5 Bxc5 11. Bxc5 Qxc5 12. Qd2 Bxb1 13. Rxb1 Nf5 14. g4 Qc4 15.
gxf5 Qe4 16. fxe6 Qxb1+ 17. Kf2 fxe6 18. b3 O-O 19. Kg3 Qg6+ 20. Kh2 Nxe5 21.
Bg2 Nc6 22. Rg1 Rad8 23. Bf1 Qf6 24. Qc1 e5 25. fxe5 Qxe5+ 26. Ng3 Rf3 0-1

[Event "16PCR_ZK06"]
[Site "?"]
[Date "2005.??.??"]
[Round "?"]
[White "Vins, Karel"]
[Black "Vlcek, Alois"]
[Result "0-1"]
[WhiteElo "1621"]
[BlackElo "1812"]
[PlyCount "86"]
[EventDate "2005.??.??"]
[EventType "corr"]
[EventRounds "2"]
[SourceDate "2005.02.23"]

1. e4 e5 2. Nf3 Nc6 3. Bb5 a6 4. Ba4 Nf6 5. O-O Bc5 6. d3 O-O 7. c3 d5 8. Bc2
d4 9. Bg5 h6 10. Bh4 Be7 11. Nbd2 Nh5 12. Bg3 Nxg3 13. fxg3 h5 14. Nc4 Bf6 15.
Qd2 b5 16. Na3 Bg4 17. h3 Bxf3 18. gxf3 Qe7 19. c4 b4 20. Nb1 Rab8 21. b3 Bg5
22. Qg2 Be3+ 23. Kh1 Nd8 24. Nd2 Rb6 25. Rfe1 Rg6 26. Nf1 Bf4 27. g4 Ne6 28.
Kg1 hxg4 29. hxg4 f5 30. exf5 Rxf5 31. Ng3 Rfg5 32. Ne4 Rh5 33. gxh5 Be3+ 34.
Rxe3 Rxg2+ 35. Kxg2 dxe3 36. Rh1 Qf7 37. Ng3 Qd7 38. Ne2 Nd4 39. Nxd4 exd4 40.
h6 g6 41. h7+ Kh8 42. Bd1 Qf5 43. Bc2 Qg5+ 0-1

[Event "16PCR_ZK06"]
[Site "?"]
[Date "2005.??.??"]
[Round "?"]
[White "Vlcek, Alois"]
[Black "Binas, Jindrich"]
[Result "0-1"]
[WhiteElo "1812"]
[BlackElo "2114"]
[PlyCount "66"]
[EventDate "2005.??.??"]
[EventType "corr"]
[EventRounds "2"]
[SourceDate "2005.02.23"]

1. e4 e5 2. Nf3 Nc6 3. Bb5 a6 4. Ba4 Nf6 5. O-O Be7 6. Re1 b5 7. Bb3 O-O 8. c3
d6 9. d4 Bg4 10. d5 Na5 11. Bc2 Qc8 12. Bd3 c6 13. Be2 cxd5 14. exd5 Qb7 15.
Nh4 Bxe2 16. Qxe2 Qxd5 17. Nd2 Nc6 18. Nf5 Qe6 19. Qf3 d5 20. g4 e4 21. Qg3 Ne5
22. f3 Bc5+ 23. Kh1 Nd3 24. Re2 Nh5 25. gxh5 Qxf5 26. h6 g6 27. b4 Ba7 28. Qg4
Qxg4 29. fxg4 f5 30. Nf1 f4 31. h3 Rac8 32. Rc2 Nxb4 33. Rh2 Nd3 0-1

[Event "16PCR_ZK06"]
[Site "?"]
[Date "2005.??.??"]
[Round "?"]
[White "Vlcek, Alois"]
[Black "Cvak, Rudolf"]
[Result "0-1"]
[WhiteElo "1812"]
[BlackElo "2040"]
[PlyCount "42"]
[EventDate "2005.??.??"]
[EventType "corr"]
[EventRounds "2"]
[SourceDate "2005.02.23"]

1. e4 e5 2. Nf3 Nc6 3. Bc4 Nf6 4. d4 exd4 5. O-O Nxe4 6. Re1 d5 7. Bb5 Bc5 8.
Bxc6+ bxc6 9. Nbd2 O-O 10. Nxe4 dxe4 11. Rxe4 f6 12. c4 dxc3 13. Qb3+ Qd5 14.
bxc3 Bd7 15. Nd2 Rab8 16. Qd1 Rfe8 17. Qc2 Bf5 18. Rxe8+ Rxe8 19. Qd1 Bxf2+ 20.
Kxf2 Qc5+ 21. Kg3 Qe5+ 0-1

[Event "16PCR_ZK06"]
[Site "?"]
[Date "2005.??.??"]
[Round "?"]
[White "Vlcek, Alois"]
[Black "Dudek, Karel"]
[Result "1-0"]
[WhiteElo "1812"]
[BlackElo "1987"]
[PlyCount "25"]
[EventDate "2005.??.??"]
[EventType "corr"]
[EventRounds "2"]
[SourceDate "2005.02.23"]

1. e4 c5 2. Nf3 Nf6 3. e5 Nd5 4. c3 Nc6 5. d4 cxd4 6. cxd4 e6 7. a3 Be7 8. Bd3
Qa5+ 9. Bd2 Qb6 10. Bc3 Nxc3 11. bxc3 Qb2 12. Nbd2 Qb3 13. Nxb3 1-0

[Event "16PCR_ZK06"]
[Site "?"]
[Date "2005.??.??"]
[Round "?"]
[White "Vlcek, Alois"]
[Black "Kubecek, Jan"]
[Result "1-0"]
[WhiteElo "1812"]
[BlackElo "1771"]
[PlyCount "47"]
[EventDate "2005.??.??"]
[EventType "corr"]
[EventRounds "2"]
[SourceDate "2005.02.23"]

1. e4 c5 2. Nf3 Nc6 3. Bc4 Nf6 4. Nc3 e6 5. O-O Nxe4 6. Nxe4 d5 7. Bxd5 exd5 8.
Ng3 Be7 9. Re1 O-O 10. h3 Be6 11. d3 Re8 12. Bf4 g5 13. Bd2 g4 14. Ne5 Nxe5 15.
Rxe5 gxh3 16. Nh5 Kh8 17. Qf3 Rg8 18. g3 Qb6 19. b3 Rad8 20. Rae1 d4 21. c4 Rc8
22. R1e4 Qc6 23. Bh6 Rg6 24. Bd2 1-0

[Event "16PCR_ZK06"]
[Site "?"]
[Date "2005.??.??"]
[Round "?"]
[White "Vlcek, Alois"]
[Black "Kudr, Roman"]
[Result "0-1"]
[WhiteElo "1812"]
[BlackElo "1987"]
[PlyCount "74"]
[EventDate "2005.??.??"]
[EventType "corr"]
[EventRounds "2"]
[SourceDate "2005.02.23"]

1. e4 c6 2. Nc3 d5 3. d4 dxe4 4. Nxe4 Nd7 5. Nf3 Ngf6 6. Ng3 e6 7. Bd3 Qb6 8.
O-O c5 9. c3 cxd4 10. cxd4 Bd6 11. Qc2 Nd5 12. a3 N7f6 13. Bg5 Bd7 14. Rae1 O-O
15. h4 h6 16. Bxf6 Nxf6 17. Ne4 Nxe4 18. Bxe4 Rfc8 19. Qd2 Bb5 20. g4 Bxf1 21.
Kxf1 Qb5+ 22. Kg2 Rc7 23. h5 Rac8 24. g5 hxg5 25. Nxg5 Be7 26. f4 Bf6 27. Kg3
Rd8 28. Nf3 Qxh5 29. Ng5 Rxd4 30. Qa5 Rc8 31. Bh7+ Kh8 32. Nxf7+ Qxf7 33. Rh1
Qc7 34. Bf5+ Kg8 35. Bxe6+ Kf8 36. Qxc7 Rxc7 37. Rh2 g5 0-1

[Event "16PCR_ZK06"]
[Site "?"]
[Date "2005.??.??"]
[Round "?"]
[White "Vlcek, Alois"]
[Black "Trs, Jan"]
[Result "0-1"]
[WhiteElo "1812"]
[BlackElo "2220"]
[PlyCount "55"]
[EventDate "2005.??.??"]
[EventType "corr"]
[EventRounds "2"]
[SourceDate "2005.02.23"]

1. e4 c6 2. Nc3 d5 3. Nf3 Bg4 4. Be2 e6 5. Ne5 Bxe2 6. Qxe2 d4 7. Nd1 Qc7 8.
Nf3 c5 9. e5 Nc6 10. d3 Nge7 11. c4 Ng6 12. Ng5 Qxe5 13. Ne4 f5 14. Ng3 Nb4 15.
O-O Qxe2 16. Nxe2 Nxd3 17. Bd2 e5 18. Nc1 Nxc1 19. Rxc1 e4 20. Ne3 dxe3 21.
fxe3 Ne7 22. Bc3 Rg8 23. Rcd1 g6 24. b4 cxb4 25. Bxb4 Rc8 26. c5 Nc6 27. a3 a5
28. Bc3 0-1

[Event "16PCR_ZK06"]
[Site "?"]
[Date "2005.??.??"]
[Round "?"]
[White "Vlcek, Alois"]
[Black "Vins, Karel"]
[Result "1-0"]
[WhiteElo "1812"]
[BlackElo "1621"]
[PlyCount "57"]
[EventDate "2005.??.??"]
[EventType "corr"]
[EventRounds "2"]
[SourceDate "2005.02.23"]

1. e4 e5 2. Nf3 Nc6 3. Bc4 Bc5 4. c3 Nf6 5. d4 exd4 6. cxd4 Bb4+ 7. Bd2 Bxd2+
8. Nbxd2 d5 9. exd5 Nxd5 10. Qe2+ Nce7 11. O-O O-O 12. Rae1 Ng6 13. Ne5 Nxe5
14. dxe5 Be6 15. f4 Nb6 16. Bxe6 fxe6 17. Ne4 Qe7 18. Rf3 Nd5 19. Ref1 h6 20.
Qf2 b6 21. h4 Rf7 22. g4 Kf8 23. g5 Ke8 24. f5 Rxf5 25. Rxf5 exf5 26. Qxf5 hxg5
27. Qg6+ Kd8 28. Qc6 Rc8 29. Qxd5+ 1-0

[Event "16PCR_ZK06"]
[Site "?"]
[Date "2005.??.??"]
[Round "?"]
[White "Kubecek, Jan"]
[Black "Kudr, Roman"]
[Result "0-1"]
[WhiteElo "1771"]
[BlackElo "1987"]
[PlyCount "66"]
[EventDate "2005.??.??"]
[EventType "corr"]
[EventRounds "2"]
[SourceDate "2005.02.23"]

1. d4 Nf6 2. c4 e6 3. Nc3 Bb4 4. Bg5 h6 5. Bh4 c5 6. d5 d6 7. f3 Bxc3+ 8. bxc3
e5 9. e4 Nbd7 10. Bd3 Nf8 11. Bc2 Bd7 12. Ne2 Ng6 13. Bf2 Qa5 14. O-O O-O 15.
Qd2 Rfb8 16. Rab1 a6 17. Rb2 Qc7 18. Rfb1 b6 19. a3 Ra7 20. g3 Rab7 21. Kh1 b5
22. cxb5 Bxb5 23. Bd3 Bxd3 24. Rxb7 Rxb7 25. Qxd3 c4 26. Qc2 Rxb1+ 27. Qxb1 Nd7
28. a4 Nc5 29. Qb4 Nd3 30. Bb6 Qb8 31. Qa5 Qb7 32. Kg2 Nf8 33. Ng1 Nd7 0-1

[Event "16PCR_ZK06"]
[Site "?"]
[Date "2005.??.??"]
[Round "?"]
[White "Vins, Karel"]
[Black "Kubecek, Jan"]
[Result "1/2-1/2"]
[WhiteElo "1621"]
[BlackElo "1771"]
[PlyCount "83"]
[EventDate "2005.??.??"]
[EventType "corr"]
[EventRounds "2"]
[SourceDate "2005.02.23"]

1. e4 c5 2. Nf3 Nc6 3. c3 d5 4. exd5 Qxd5 5. d4 Bg4 6. dxc5 Qxd1+ 7. Kxd1 e5 8.
Be2 Bxc5 9. Be3 Bxe3 10. fxe3 Nf6 11. h3 Ne4 12. Ke1 Ng3 13. Rg1 Nxe2 14. Kxe2
Be6 15. Nbd2 h6 16. b3 Ke7 17. Rac1 Rhd8 18. Rgd1 Rac8 19. Nb1 f5 20. Rxd8 Rxd8
21. Rd1 Rxd1 22. Kxd1 e4 23. Nd4 Bd7 24. Nd2 Ne5 25. c4 g6 26. Ne2 Kd6 27. Nc1
g5 28. Ke2 b5 29. cxb5 Bxb5+ 30. Kd1 Kd5 31. Ke1 f4 32. Kf2 a6 33. Nb1 Bc6 34.
Nd2 Nd3+ 35. Nxd3 exd3 36. g3 fxg3+ 37. Kxg3 Ke5 38. h4 Kf5 39. hxg5 hxg5 40.
a3 Bh1 41. b4 g4 42. Kf2 1/2-1/2

[Event "16PCR_ZK06"]
[Site "?"]
[Date "2005.??.??"]
[Round "?"]
[White "Kudr, Roman"]
[Black "Kubecek, Jan"]
[Result "1/2-1/2"]
[WhiteElo "1987"]
[BlackElo "1771"]
[PlyCount "67"]
[EventDate "2005.??.??"]
[EventType "corr"]
[EventRounds "2"]
[SourceDate "2005.02.23"]

1. e4 c5 2. c3 d5 3. e5 Nc6 4. d4 e6 5. Nf3 Qb6 6. a3 c4 7. Be2 Bd7 8. Nbd2 Na5
9. O-O Ne7 10. Rb1 h6 11. Qe1 Ba4 12. Bd1 Nb3 13. Nxb3 Bxb3 14. Nd2 Bxd1 15.
Qxd1 Nc6 16. Qg4 g6 17. Re1 Be7 18. Qf3 Rh7 19. Qd1 O-O-O 20. Re3 Na5 21. Rh3
Rdh8 22. b3 cxb3 23. Nxb3 Nxb3 24. a4 g5 25. Rxb3 Qa6 26. Rb5 g4 27. Rh5 Qc6
28. Bd2 Qc4 29. Qb1 Qc7 30. Rb2 Kb8 31. a5 Ka8 32. a6 b6 33. Qd1 Bg5 34. Bxg5
1/2-1/2

[Event "16PCR_ZK06"]
[Site "?"]
[Date "2005.??.??"]
[Round "?"]
[White "Kudr, Roman"]
[Black "Trs, Jan"]
[Result "1/2-1/2"]
[WhiteElo "1987"]
[BlackElo "2220"]
[PlyCount "73"]
[EventDate "2005.??.??"]
[EventType "corr"]
[EventRounds "2"]
[SourceDate "2005.02.23"]

1. e4 c5 2. c3 Nf6 3. e5 Nd5 4. d4 cxd4 5. Nf3 Nc6 6. cxd4 d6 7. Bc4 Nb6 8. Bb5
dxe5 9. Nxe5 Bd7 10. Nxd7 Qxd7 11. O-O e6 12. Nc3 Be7 13. Qg4 O-O 14. Rd1 Rfd8
15. Bh6 g6 16. Rac1 Rac8 17. Be3 a6 18. Be2 f5 19. Qf4 Qd6 20. Qxd6 Rxd6 21.
Bf3 Rcd8 22. Kf1 Nc4 23. b3 Nxe3+ 24. fxe3 Bg5 25. Kf2 e5 26. dxe5 Nxe5 27. Ke2
b5 28. Rxd6 Rxd6 29. Rd1 Rxd1 30. Nxd1 Kg7 31. Nc3 b4 32. Nd5 a5 33. g3 Kf7 34.
Nf4 Bf6 35. Nd3 Nd7 36. Bc6 Ne5 37. Nxe5+ 1/2-1/2

[Event "16PCR_ZK06"]
[Site "?"]
[Date "2005.??.??"]
[Round "?"]
[White "Kubecek, Jan"]
[Black "Vins, Karel"]
[Result "1/2-1/2"]
[WhiteElo "1771"]
[BlackElo "1621"]
[PlyCount "87"]
[EventDate "2005.??.??"]
[EventType "corr"]
[EventRounds "2"]
[SourceDate "2005.02.23"]

1. d4 d5 2. c4 e6 3. Nf3 Nf6 4. Bg5 Be7 5. Nc3 c6 6. e3 h6 7. Bxf6 Bxf6 8. Rc1
Nd7 9. Bd3 Be7 10. O-O a6 11. Re1 Nf6 12. c5 b5 13. cxb6 Qxb6 14. Na4 Qc7 15.
Ne5 Bb7 16. Nc5 Bxc5 17. Rxc5 Nd7 18. Nxd7 Qxd7 19. b4 O-O 20. a3 Ra7 21. Bc2
Rc8 22. Qd3 f5 23. Rc1 Qd8 24. Qc3 Ba8 25. Ba4 Rac7 26. Qd3 Bb7 27. h3 h5 28.
Qe2 g6 29. Qf3 Kf7 30. Qg3 Qd7 31. Bd1 Qd8 32. R1c3 Rd7 33. f3 Qc7 34. f4 Qd8
35. Bf3 Rdc7 36. Rc2 Qe8 37. h4 Ke7 38. Be2 Kd7 39. Ra5 Ra8 40. Bd3 Kd6 41.
Rcc5 Qf7 42. a4 Qe8 43. Qe1 Qc8 44. Be2 1/2-1/2

[Event "16PCR_ZK06"]
[Site "?"]
[Date "2005.??.??"]
[Round "?"]
[White "Trs, Jan"]
[Black "Cvak, Rudolf"]
[Result "1/2-1/2"]
[WhiteElo "2220"]
[BlackElo "2040"]
[PlyCount "110"]
[EventDate "2005.??.??"]
[EventType "corr"]
[EventRounds "2"]
[SourceDate "2005.02.23"]

1. e4 e5 2. Nf3 Nc6 3. Bb5 a6 4. Ba4 Nf6 5. O-O Be7 6. Re1 b5 7. Bb3 O-O 8. c3
d6 9. h3 Na5 10. Bc2 c5 11. d4 Qc7 12. Nbd2 cxd4 13. cxd4 Nc6 14. Nb3 a5 15.
Be3 a4 16. Nbd2 Nb4 17. Bb1 Bd7 18. a3 Nc6 19. Bd3 Rfc8 20. Rc1 Qb7 21. Qe2
Rab8 22. Rc2 Rc7 23. Rec1 exd4 24. Nxd4 Nxd4 25. Bxd4 Rxc2 26. Rxc2 Be6 27. Qe3
Nd7 28. Qg3 f6 29. Be2 Ne5 30. f4 Nc4 31. Bf3 Qc7 32. f5 Bf7 33. Nf1 Qd8 34.
Ne3 Nxe3 35. Bxe3 b4 36. axb4 Rxb4 37. Qe1 Rb8 38. Qc3 Bf8 39. Qd4 Qa5 40. Rc1
Ba2 41. Ra1 Bb3 42. Bd1 Qc5 43. Kf2 Bxd1 44. Qxd1 Rxb2+ 45. Kf3 Qb5 46. Rxa4 g6
47. Ra8 Kg7 48. Bd4 Rb1 49. Qd2 d5 50. Kg4 Qb4 51. Ra7+ Kg8 52. Qxb4 Rxb4 53.
Bxf6 Bh6 54. fxg6 hxg6 55. Kg3 dxe4 1/2-1/2

[Event "16PCR_ZK06"]
[Site "?"]
[Date "2005.??.??"]
[Round "?"]
[White "Binas, Jindrich"]
[Black "Kubecek, Jan"]
[Result "1/2-1/2"]
[WhiteElo "2114"]
[BlackElo "1771"]
[PlyCount "45"]
[EventDate "2005.??.??"]
[EventType "corr"]
[EventRounds "2"]
[SourceDate "2005.02.23"]

1. e4 c5 2. Nf3 e6 3. d4 cxd4 4. Nxd4 Nc6 5. Nc3 a6 6. Nxc6 bxc6 7. Bd3 e5 8.
O-O Nf6 9. f4 Bd6 10. Kh1 exf4 11. Bxf4 Bxf4 12. Rxf4 d6 13. e5 dxe5 14. Qe2
Qd6 15. Re1 Nd7 16. Ne4 Qe7 17. Qh5 g6 18. Qh6 f6 19. Nd2 Qf8 20. Qh3 Rb8 21.
b3 Kd8 22. Rff1 Qd6 23. Nc4 1/2-1/2

[Event "16PCR_ZK06"]
[Site "?"]
[Date "2005.??.??"]
[Round "?"]
[White "Cvak, Rudolf"]
[Black "Trs, Jan"]
[Result "1-0"]
[WhiteElo "2040"]
[BlackElo "2220"]
[PlyCount "103"]
[EventDate "2005.??.??"]
[EventType "corr"]
[EventRounds "2"]
[SourceDate "2005.02.23"]

1. e4 c6 2. d4 d5 3. exd5 cxd5 4. c3 Nc6 5. Nf3 Nf6 6. Bf4 g6 7. Na3 Bg7 8. Bd3
O-O 9. h3 Nh5 10. Be3 Qd6 11. Qd2 Bf5 12. Bxf5 gxf5 13. g4 Nf6 14. Nh4 fxg4 15.
Nf5 Qe6 16. hxg4 Nxg4 17. Qd3 Qg6 18. O-O-O e6 19. Nxg7 Qxd3 20. Rxd3 Kxg7 21.
Rg1 f5 22. f3 h5 23. Nb5 Rf6 24. Bf4 a6 25. Nd6 b5 26. Re3 b4 27. fxg4 fxg4 28.
Bg3 Raf8 29. Kd2 bxc3+ 30. bxc3 Kg8 31. Rh1 Rf3 32. Be1 Rxe3 33. Kxe3 Rf3+ 34.
Ke2 Rh3 35. Rxh3 gxh3 36. Bg3 Kg7 37. Kf2 Kf6 38. Bh4+ Kg6 39. Kg3 e5 40. dxe5
Nxe5 41. Kxh3 Nd3 42. Kg2 Nc1 43. a3 Ne2 44. Be1 Nf4+ 45. Kf3 Nd3 46. Bh4 Nc5
47. Bf2 Ne6 48. Bd4 Nc7 49. a4 Kg5 50. a5 Kg6 51. Kf4 Ne6+ 52. Ke5 1-0

[Event "16PCR_ZK06"]
[Site "?"]
[Date "2005.??.??"]
[Round "?"]
[White "Kubecek, Jan"]
[Black "Binas, Jindrich"]
[Result "1-0"]
[WhiteElo "1771"]
[BlackElo "2114"]
[PlyCount "45"]
[EventDate "2005.??.??"]
[EventType "corr"]
[EventRounds "2"]
[SourceDate "2005.02.23"]

1. d4 Nf6 2. Bg5 Ne4 3. Bf4 c5 4. f3 Qa5+ 5. c3 Nf6 6. e3 d5 7. Nd2 Qb6 8. Qc2
cxd4 9. exd4 e6 10. Bd3 Bd6 11. Bxd6 Qxd6 12. Ne2 O-O 13. O-O b6 14. f4 Ba6 15.
Bxa6 Nxa6 16. Qd3 Nc7 17. Rae1 g6 18. a4 b5 19. axb5 Qb6 20. b3 Nxb5 21. c4
dxc4 22. bxc4 Nd6 23. Ra1 1-0

[Event "16PCR_ZK06"]
[Site "?"]
[Date "2005.??.??"]
[Round "?"]
[White "Kubecek, Jan"]
[Black "Dudek, Karel"]
[Result "1-0"]
[WhiteElo "1771"]
[BlackElo "1921"]
[PlyCount "49"]
[EventDate "2005.??.??"]
[EventType "corr"]
[EventRounds "2"]
[SourceDate "2005.02.23"]

1. d4 d5 2. c4 e6 3. Nc3 c6 4. Nf3 dxc4 5. a4 Bb4 6. e3 b5 7. Bd2 Bb7 8. axb5
Bxc3 9. Bxc3 cxb5 10. d5 Nf6 11. dxe6 Qxd1+ 12. Rxd1 Bxf3 13. exf7+ Kxf7 14.
gxf3 Re8 15. Bh3 a5 16. Rg1 b4 17. Bxf6 gxf6 18. Bf1 Rc8 19. Rg4 c3 20. bxc3
Rxc3 21. Bc4+ Rxc4 22. Rxc4 Ra7 23. Rc5 Nd7 24. Rb5 Ne5 25. f4 1-0

[Event "16PCR_ZK06"]
[Site "?"]
[Date "2005.??.??"]
[Round "?"]
[White "Trs, Jan"]
[Black "Kubecek, Jan"]
[Result "1-0"]
[WhiteElo "2220"]
[BlackElo "1771"]
[PlyCount "71"]
[EventDate "2005.??.??"]
[EventType "corr"]
[EventRounds "2"]
[SourceDate "2005.02.23"]

1. c4 c5 2. Nc3 Nc6 3. g3 g6 4. Bg2 Bg7 5. a3 d6 6. Rb1 a5 7. e3 Nf6 8. Nge2
O-O 9. O-O Bf5 10. d3 Qd7 11. Nf4 e5 12. Nfd5 Nxd5 13. Nxd5 Rae8 14. b4 axb4
15. axb4 cxb4 16. Nxb4 e4 17. Bb2 f6 18. dxe4 Bxe4 19. Bxe4 Rxe4 20. Qd5+ Qe6
21. Qxe6+ Rxe6 22. Nd5 Rf7 23. Rfc1 f5 24. h4 Ne5 25. Ba3 Rd7 26. Kf1 Bf8 27.
Ke2 Kf7 28. Rb5 Re8 29. Bb2 Bg7 30. Rc2 Nc6 31. Bxg7 Kxg7 32. Rd2 Kf7 33. Nb6
Rdd8 34. h5 Ne5 35. Rdb2 Rb8 36. f4 1-0

[Event "16PCR_ZK06"]
[Site "?"]
[Date "2005.??.??"]
[Round "?"]
[White "Trs, Jan"]
[Black "Kudr, Roman"]
[Result "1/2-1/2"]
[WhiteElo "2220"]
[BlackElo "1987"]
[PlyCount "99"]
[EventDate "2005.??.??"]
[EventType "corr"]
[EventRounds "2"]
[SourceDate "2005.02.23"]

1. d4 Nf6 2. c4 e6 3. Nc3 Bb4 4. Qc2 d5 5. cxd5 exd5 6. Bg5 O-O 7. e3 h6 8.
Bxf6 Qxf6 9. a3 Bxc3+ 10. Qxc3 c6 11. Nf3 Re8 12. Be2 Qg6 13. Rg1 Bf5 14. Ne5
Qf6 15. g4 Be4 16. Qb3 b6 17. Rg3 Qe6 18. Bf3 Bxf3 19. Nxf3 Nd7 20. g5 h5 21.
g6 f5 22. O-O-O Nf6 23. Ng5 Qd7 24. Kb1 f4 25. exf4 Qf5+ 26. Qc2 Qxf4 27. h4
Rac8 28. Rc3 Qxh4 29. Nf7 Re6 30. f3 Qf4 31. Ka2 a5 32. Rc1 Nd7 33. Rh1 Nf6 34.
Qd3 Rce8 35. Rhc1 Re3 36. Qa6 Rxc3 37. Rxc3 Qc7 38. Ne5 c5 39. f4 c4 40. Qb5
Rc8 41. f5 Qb7 42. Re3 Qc7 43. Ka1 Qb7 44. Kb1 Qc7 45. Re1 Qb7 46. Re2 Qc7 47.
Rc2 Qb7 48. Ka1 Kf8 49. Rc3 Kg8 50. Kb1 1/2-1/2